000 00614nam a22002297a 4500
003 UA-OsUOA
001 61025
007 ta
008 20090615b un ||||| |||| 00| 0 ukr d
090 _a32
_bМ43
942 _cMG
040 _aUA-OsUOA
_brus
_cUA-OsUOA
_dUA-OsUOA
245 _aМеждународный деловой туризм
_cШеф-ред. Редкова Т.
300 _a46 с.
955 _a4
041 _arus
080 _a32
260 _aМ.
246 3 1 _aВстречи. Интенсив. Конференции. Выставки
_n
044 _aRU
650 7 _a32 Політика
_2UDC
999 _c347411
_d347411